All-in-one : Grade 2, Literacy, Additional language (Record no. 301632)
[ view plain ]
| 000 -LEADER | |
|---|---|
| fixed length control field | 00288nam a2200097Ia 4500 |
| 082 ## - DEWEY DECIMAL CLASSIFICATION NUMBER | |
| Classification number | 920 VANW |
| 008 - FIXED-LENGTH DATA ELEMENTS--GENERAL INFORMATION | |
| fixed length control field | 210817s9999 xx 000 0 und d |
| 100 ## - MAIN ENTRY--PERSONAL NAME | |
| Personal name | my workbook and reader Pretoria, 2003 |
| 9 (RLIN) | 82655 |
| 245 #0 - TITLE STATEMENT | |
| Title | All-in-one : Grade 2, Literacy, Additional language |
| 942 ## - ADDED ENTRY ELEMENTS | |
| item type | Books |
| Withdrawn status | Lost status | Damaged status | Not for loan | Home library | Current library | Date acquired | Cost, normal purchase price | Total Checkouts | Barcode | Date last seen | Price effective from | item type |
|---|---|---|---|---|---|---|---|---|---|---|---|---|
| Matsulu | Matsulu | 19.08.2021 | 70.00 | 33228023293143 | 19.08.2021 | 19.08.2021 | Books |